Tabqat-E-kabeer Transl. of Tabqat Ibn-e-saad. (Record no. 1316)
[ view plain ]
| 000 -LEADER | |
|---|---|
| fixed length control field | 00632nam a2200253 a 4500 |
| 020 ## - INTERNATIONAL STANDARD BOOK NUMBER | |
| ISBN | |
| 082 00 - DEWEY DECIMAL CLASSIFICATION NUMBER | |
| Classification number | 297.09 |
| Author Cutter | WAQ |
| 100 ## - MAIN ENTRY--AUTHOR NAME | |
| Author name | Waqidi, M Bin Saad Kaatib |
| 245 ## - TITLE STATEMENT | |
| Title | Tabqat-E-kabeer Transl. of Tabqat Ibn-e-saad. |
| 260 ## - PUBLICATION, DISTRIBUTION, ETC. (IMPRINT) | |
| Place of publication | Hyderabad |
| Name of publisher | Osmania University |
| Year of publication | 1944 |
| 300 ## - PHYSICAL DESCRIPTION | |
| Number of Pages | 354p. |
| 500 ## - GENERAL NOTE | |
| General note | includes index and biblioraphy |
| 505 2# - FORMATTED CONTENTS NOTE | |
| Formatted contents note | Index |
| 650 ## - SUBJECT ADDED ENTRY--TOPICAL TERM | |
| Topical Term | Islam-History |
| 650 ## - SUBJECT ADDED ENTRY--TOPICAL TERM | |
| Topical Term | Islam-Origin |
| 650 ## - SUBJECT ADDED ENTRY--TOPICAL TERM | |
| Topical Term | Imadi-Abdullah |
| 942 ## - ADDED ENTRY ELEMENTS (KOHA) | |
| Koha item type | |
| Collection code | Home library | Current library | Shelving location | Date acquired | Cost, normal purchase price | Full call number | Accession Number | Koha item type |
|---|---|---|---|---|---|---|---|---|
| Reference | Henry Martyn Institute Library | Henry Martyn Institute Library | Reference | 08/21/2007 | 100.00 | 297.09 WAQ | 04015 | Books |
| Reference | Henry Martyn Institute Library | Henry Martyn Institute Library | Reference | 09/04/2018 | 297.09 WAQ | 04016 | Books | |
| Reference | Henry Martyn Institute Library | Henry Martyn Institute Library | Reference | 09/04/2018 | 297.09 WAQ | 04017 | Books | |
| Reference | Henry Martyn Institute Library | Henry Martyn Institute Library | Reference | 09/04/2018 | 297.09 WAQ | 04019 | Books | |
| Reference | Henry Martyn Institute Library | Henry Martyn Institute Library | Reference | 09/04/2018 | 297.09 WAQ | 04020 | Books | |
| Reference | Henry Martyn Institute Library | Henry Martyn Institute Library | Reference | 09/04/2018 | 297.09 WAQ | 04021 | Books | |
| Reference | Henry Martyn Institute Library | Henry Martyn Institute Library | Reference | 09/04/2018 | 297.09 WAQ | 04022 | Books |
